000 00637nam a2200241Ia 4500
003 OSt
005 20220815111118.0
008 220815b |||||||| |||| 00| 0 eng d
020 _a8120317076
040 _cIFM Library
082 _a657.42
100 _aHorngren, Charles T.
_9293
245 _aCost Accounting: A Managerial Emphasis
250 _a10th ed.
260 _aNew Jersey:
260 _bPrintice-Hall
260 _c2003
300 _axxiv, 906p.:
_bill.; 27cm
500 _aIncludes Bibliography and Index
650 _aCost accounting
_9293
700 _aDatar, Srikant M.Foster, George
_9293
942 _cBK
_2ddc
_n0
999 _c2024
_d2024